| 000 | 00712nam a2200277Ia 4500 | ||
|---|---|---|---|
| 008 | 170712s9999 xx 000 0 und d | ||
| 020 | _a9789719344650 | ||
| 050 | _a759.95 | ||
| 050 | _bM394 2007 | ||
| 100 | _aMasangkay, Nik | ||
| 245 | _aPhilippines / | ||
| 245 | _cby Nic Masangkay ; edited by Marlene Aguilar. | ||
| 250 | _aFirst edition | ||
| 260 | _aPhilippines : | ||
| 260 | _bJamayco Publishing House, | ||
| 260 | _c2007 | ||
| 300 | _a170 pages : | ||
| 300 | _bcolor illustrations ; | ||
| 300 | _c29cm. | ||
| 650 | _aAguilar, Marlene P. | ||
| 650 | _aArtists -- | ||
| 650 | _aArts, Philippines. | ||
| 650 | _aWater color painting. | ||
| 650 | _xPhilippines. | ||
| 650 | _xTitle. | ||
| 999 |
_c340472 _d340472 |
||